000
00270nam a2200109Ia 4500
008
190216s9999||||xx |||||||||||||| ||und||
100
_a
Fedrick J Wood
245
0
_a
Current English Usage
260
_b
The English Language Book Society
650
_a
English
942
_c
BK
999
_c
12884
_d
12884